| 000 | 00704nam a2200265Ia 4500 | ||
|---|---|---|---|
| 001 | 33047 | ||
| 005 | 20240114001632.0 | ||
| 007 | ta | ||
| 008 | 061206s1981 a g b000 u 465 u | ||
| 040 | _aCotton College,Assam | ||
| 041 | _a465 | ||
| 082 |
_a551.49 _bSc 85 Gr |
||
| 100 | _a, . | ||
| 110 |
_aScinetific Publishers . _c(Jodhpur ) |
||
| 245 | 0 |
_aGround Water Manual / _cScinetific Publishers. _hTextual Documents |
|
| 250 | _a1st ed. / | ||
| 260 |
_aJodhpur : _bScinetific Publishers , _c1981. |
||
| 300 |
_a480p. : _bill ; _c22cm . |
||
| 504 | _aIndex | ||
| 653 | _aGround Water | ||
| 653 | _aDeptt.-Geology | ||
| 942 |
_2ddc _cBK |
||
| 999 |
_c33029 _d33029 |
||